Vereine mit einem Zuschauerschnitt >30.000 - Sudden Death - Statistiken

Allgemein
  • Dieses Quiz wurde 1.334 mal gespielt
  • Das Durchschnittsergebnis liegt bei 10 aus 18
Answers on the Grid
Answers color-coded by a green-red scale on the quiz's grid according to % correct below.
Dynamo Dresden
Borussia Dortmund
Bayern München
Eintracht Frankfurt
VFB Stuttgart
Borussia Mönchengladbach
1.FC Köln
RB Leipzig
Werder Bremen
SC Freiburg
Bayer Leverkusen
1.FSV Mainz 05
FC Augsburg
VFL Bochum
VFL Wolfsburg
TSG Hoffenheim
FC Schalke 04
Hamburger SV
Hertha BSC
1.FC Kaiserslautern
Fortuna Düsseldorf
Hannover 96
1.FC Nürnberg
FC St.Pauli
1.FC Union Berlin
Arminia Bielefeld
MSV Duisburg
Karlsruher SC
Hansa Rostock
Alemannia Aachen
1.FC Heidenheim
1.FC Magdeburg
 
Antwortstatistiken
Antwort % Korrekt
Bayern München
79%
Borussia Dortmund
79%
FC Schalke 04
78%
Hamburger SV
77%
Eintracht Frankfurt
73%
VFB Stuttgart
73%
1.FC Köln
70%
Borussia Mönchengladbach
70%
Werder Bremen
64%
Hertha BSC
61%
1.FC Kaiserslautern
53%
RB Leipzig
43%
1.FC Nürnberg
41%
Bayer Leverkusen
40%
Hannover 96
37%
Fortuna Düsseldorf
36%
SC Freiburg
25%
1.FSV Mainz 05
14%
Keine übereinstimmenden Quizze gefunden
Verteilung der Resultate
Anzahl Personen mit jedem Resultat
Perzentil nach korrekt beantworteten Fragen
Ihre Resultats-Entwicklung
Sie haben dieses Quiz noch nicht gespielt